Cuenca (Record no. 146952)

MARC details
000 -LEADER
campo de control de longitud fija 00656nam a2200181 i 4500
001 - NÚMERO DE CONTROL
campo de control 146952
003 - IDENTIFICADOR DE NÚMERO DE CONTROL
campo de control ES-MaACL
005 - FECHA Y HORA DE LA ÚLTIMA TRANSACCIÓN
campo de control 20230906201738.0
007 - CAMPO FIJO DE DESCRIPCIÓN FÍSICA--INFORMACIÓN GENERAL
campo de control de longitud fija t|
008 - DATOS DE LONGITUD FIJA--INFORMACIÓN GENERAL
campo de control de longitud fija 070919s1984 sp ||||1| spa d
020 ## - NÚMERO INTERNACIONAL ESTÁNDAR DEL LIBRO
Número Internacional Estándar del Libro 84-7491-155-9
100 1# - ENTRADA PRINCIPAL--NOMBRE DE PERSONA
Nombre de persona Troitiño Vinuesa, Miguel Angel.
9 (RLIN) 111486
245 10 - MENCIÓN DEL TÍTULO
Título Cuenca
Resto del título : evolución y crisis de una vieja ciudad castellana /
Mención de responsabilidad, etc. Miguel Angel Troitiño Vinuesa.
260 ## - PUBLICACIÓN, DISTRIBUCIÓN, ETC.
Lugar de publicación, distribución, etc. Madrid :
Nombre del editor, distribuidor, etc. Ministerio de Obras Públicas y Urbanismo, Dirección General de Acción Territorial y Urbanismo :
-- Universidad Complutense,
Fecha de publicación, distribución, etc. 1984.
300 ## - DESCRIPCIÓN FÍSICA
Extensión 745 p. :
Otras características físicas il. ;
Dimensiones 24 cm.
504 ## - NOTA DE BIBLIOGRAFÍA, ETC.
Nota de bibliografía, etc. Indice.
852 ## - LOCALIZACIÓN
Ubicación ES-MaACL
Número de control de estantería L-11794
Holdings
Estatus retirado Estado de pérdida Estado de daño No para préstamo Biblioteca de origen Biblioteca actual Ubicación en estantería Fecha de adquisición Fuente de adquisición Total de préstamos Signatura topográfica completa Código de barras Visto por última vez Precio de reemplazo Tipo de ítem Koha
        Biblioteca del Ateneo de Madrid Biblioteca del Ateneo de Madrid Depósito 2 17/01/2008     L-11794 1153364 23/02/2023 23/02/2023 Libro impreso